| 000 | 00896nam a2200217 i 4500 | ||
|---|---|---|---|
| 001 | 90325 | ||
| 003 | ES-MaACL | ||
| 005 | 20251004063131.0 | ||
| 007 | t| | ||
| 008 | 050120s1905 sp a |||| | spa d | ||
| 100 | 1 |
_aLedesma Hernández, Antonio, _d1856-1937 _9128830 |
|
| 245 | 1 | 3 |
_aLa nueva salida del valeroso caballero D. Quijote de la Mancha _b: tercera parte de la obra de Cervantes / _cA. Ledesma Hernández. |
| 260 |
_aBarcelona : _bCasa Editorial Lezcano, _c1905. |
||
| 300 |
_a452 p. : _bil. ; _c20 cm. |
||
| 530 | _aDisponible en formato digital. | ||
| 600 | 1 | 7 |
_aCervantes Saavedra, Miguel de, _d1547-1616. _tDon Quijote de la Mancha- _xInfluencia _9159738 |
| 852 |
_aES-MaACL _jF-7433 _zRevisado enlace: 1 de septiembre de 2025 |
||
| 856 | 4 |
_uhttp://bdh-rd.bne.es/viewer.vm?id=0000190560&page=1 _yBiblioteca Digital Hispánica |
|
| 942 | _2udc | ||
| 999 |
_c90325 _d90325 |
||